Тест на общие знания №15 - Statistics

General Stats
  • This quiz has been taken 47 times
  • The average score is 10 of 20
Answer Stats
Вопрос Ответ % Correct
Сколько сердец у осьминога? 3
97%
Как называется священная книга мусульман? Коран
94%
Какая карточная масть представлена сердцами? червы
91%
Главными героями какого мультфильма Disney были сёстры Анна и Эльза? "Холодное сердце"
88%
Какая часть тела поражается катарактой? глаза
81%
Назовите столицу Армении Ереван
81%
Где можно найти сталагмит? пещера
63%
Потомками какого военачальника являются примерно 16 млн. человек по всему миру? Чингисхан
59%
У Земли он один, у Марса - 2, у Юпитера - 95. Что это? естественные спутники
47%
Кто перешёл Рубикон? Гай Юлий Цезарь
44%
Из чего производится нить накаливания при производстве лампочек? вольфрам
41%
Что, по мнению алхимиков, могло превращать любой металл в золото? философский камень
34%
Какое физическое явление воздействует тому, что от марша шагающих в ногу солдат может разрушиться мост? резонанс
28%
В какой стране 99% населения, состоящего из более чем 25 млн. человек, принадлежат одному этносу? Корейская Народно-Демократическая Республика
22%
На территории какого штата США запускают ракеты в космос? Флорида
22%
Что принёс с собой Моисей, спустившись с горы Синай? 10 заповедей
22%
Какой голливудский актёр в 2021-м году случайно застрелил оператора на киносъёмках? Алек Болдуин
19%
Какой роман Стивена Кинга повествует о бешеном сенбернаре? "Куджо"
19%
Какая музыкальная группа в исполнила песню "God Save the Queen", плывя на пароме по Темзе напротив Вестминстерского дворца? "Sex Pistols"
19%
Каким языком из сериала "Звёздный путь" владеет 20-30 тыс. человек? клингонский
13%
No matching quizzes found
Score Distribution
Percent of People with Each Score
Percentile by Number Answered
Your Score History
You have not taken this quiz